Statistiques concernant Quel est la ville la plus peuplée des pays ?

Cliquez ici pour prendre le quiz!

Statistiques générales

  • Ce quiz a été pris 134 fois
    (71 depuis la dernière actualisation)
  • Le résultat moyen est 9 sur 14

Statistiques - réponses

QuestionRéponse% Correct
FranceParis
100%
JaponTokyo
99%
États-UnisNew York
77%
EspagneMadrid
76%
AustralieSydney
73%
ColombieBogota
61%
IndeMumbai (Bombay)
61%
ChineShanghai
61%
Afrique du sudJohannesbourg
54%
Arabie SaouditeRiyad
49%
CanadaToronto
47%
NicaraguaManagua
43%
BrésilSao Paulo
36%
MarocCasablanca
33%

Distribution des résultats

Percentile par nombre de réponses

% des personnes avec chaque résultat

Votre développement - résultats

Vous n’avez pas pris ce quiz depuis la dernière actualisation